Statistiques concernant Pokémon sans double type

Cliquez ici pour prendre le quiz!

Statistiques générales

  • Ce quiz a été pris 28 fois
    (22 depuis la dernière actualisation)
  • Le résultat moyen est 244 sur 500

Statistiques - réponses

Type de quizPokémon% Correct
ElectrikPikachu
100%
FeuSalamèche
100%
EauCarabaffe
87%
EauCarapuce
87%
ElectrikPichu
87%
ElectrikRaichu
87%
FeuReptincel
87%
EauTortank
87%
DragonDraco
80%
ElectrikElekid
80%
ElectrikElektek
80%
FeuFeunard
80%
FeuGoupix
80%
GlaceGoupix (Alola)
80%
NormalLeveinard
80%
PsyMew
80%
PsyMewtwo
80%
NormalMiaouss
80%
TénèbresMiaouss (Alola)
80%
AcierMiaouss (Galar)
80%
DragonMinidraco
80%
Normal | TénèbresPersian
80%
NormalRattata
80%
NormalRattatac
80%
SolSabelette
80%
SolSablaireau
80%
PlanteSaquedeneu
80%
PoisonAbo
73%
EauAligatueur
73%
EauAquali
73%
PoisonArbok
73%
FeuArcanin
73%
PlanteArcko
73%
PlanteBouldeneu
73%
FeuCaninos
73%
InsecteChenipan
73%
InsecteChrysacier
73%
EauCrocrodil
73%
CombatDébugant
73%
ElectrikElectrode
73%
ElectrikElekable
73%
NormalEvoli
73%
NormalExcélangue
73%
FeuFeurisson
73%
FeuGalopa
73%
PlanteGermignon
73%
EauGobou
73%
PoisonGrotadmorv
73%
FeuHéricendre
73%
PlanteJungko
73%
EauKaiminus
73%
CombatKapoera
73%
CombatKicklee
73%
CombatMachoc
73%
CombatMachopeur
73%
CombatMackogneur
73%
PlanteMacronium
73%
FeuMagby
73%
FeuMagmar
73%
PlanteMassko
73%
PlanteMeganium
73%
FéeMélo
73%
FéeMélodelfe
73%
FéeMélofée
73%
PsyMentali
73%
NormalMétamorph
73%
PoisonNidoran
73%
PoisonNidorina
73%
PoisonNidorino
73%
TénèbresNoctali
73%
EauOtaria
73%
FeuPonyta
73%
FéePonyta (Galar)
73%
FeuPoussifeu
73%
FeuPyroli
73%
NormalRonflex
73%
EauStari
73%
PoisonTadmorv
73%
CombatTygnon
73%
FeuTyphlosion
73%
ElectrikVoltali
73%
ElectrikVoltorbe
73%
PsyAbra
67%
EauAkwakwak
67%
PsyAlakazam
67%
CombatColossinge
67%
NormalCoudlangue
67%
NormalEcremeuh
67%
FeuEntei
67%
CombatFérosinge
67%
GlaceGivrali
67%
NormalGoinfrex
67%
FeuGruikui
67%
PsyKadabra
67%
EauKokiyas
67%
ElectrikLainergie
67%
NormalLeuphorie
67%
PlanteLianaja
67%
FeuMaganon
67%
EauMagicarpe
67%
PlanteMajaspic
67%
FéeNymphali
67%
SolOssatueur
67%
SolOsselait
67%
FeuOuisticram
67%
ElectrikPharamp
67%
PlantePhyllali
67%
EauPoissirène
67%
EauPoissoroy
67%
NormalPorygon
67%
NormalPorygon2
67%
EauPsykokwak
67%
NormalPtiravi
67%
ElectrikRaikou
67%
GlaceRegice
67%
NormalRégigigas
67%
RocheRegirock
67%
AcierRegisteel
67%
InsecteScarabrute
67%
PoisonSmogo
67%
PoisonSmogogo
67%
EauSuicune
67%
SolTaupiqueur
67%
NormalTauros
67%
CombatTauros (Paldea)
67%
EauTriopikeau
67%
ElectrikWattouat
67%
TénèbresAbsol
60%
NormalArceus
60%
PlanteBoguérisse
60%
SpectreBranette
60%
NormalCerfrousse
60%
EauClamiral
60%
InsecteCrikzik
60%
FeuDarumacho
60%
GlaceDarumacho (Galar)
60%
FeuDarumarond
60%
ElectrikDynavolt
60%
ElectrikElecsprint
60%
SpectreFeuforêve
60%
FeuFeunnec
60%
FéeFlabébé
60%
FeuFlamiaou
60%
FéeFloette
60%
FéeFlorges
60%
NormalFouinar
60%
NormalFouinette
60%
PlanteGrainipiot
60%
PsyHypnomade
60%
EauHypocéan
60%
EauHypotrempe
60%
NormalKangourex
60%
NormalKeunotor
60%
EauKrabboss
60%
EauKrabby
60%
NormalLinéon
60%
ElectrikLixy
60%
ElectrikLuxio
60%
ElectrikLuxray
60%
PlanteMarisson
60%
EauMateloutre
60%
FeuMatoufeu
60%
InsecteMélokrik
60%
EauMoustillon
60%
ElectrikNégapi
60%
SpectreNoctunoir
60%
SpectrePolichombr
60%
NormalPorygon-Z
60%
ElectrikPosipi
60%
EauPrinplouf
60%
EauPtitard
60%
NormalQueulorior
60%
ElectrikRegieleki
60%
FeuRoussil
60%
SpectreSkelenox
60%
PsySoporifik
60%
SpectreTéraclope
60%
EauTétarte
60%
EauTiplouf
60%
PlanteTortipouss
60%
SolTriopikeur
60%
PsyZarbi
60%
NormalZigzaton
60%
InsecteArmulys
53%
PlanteBadabouin
53%
EauBarpau
53%
VolBleuseille
53%
InsecteBlindalys
53%
PlanteBoskara
53%
PlanteCacnea
53%
NormalCapumain
53%
FeuChartor
53%
InsecteChenipotte
53%
AcierClic
53%
AcierCliticlic
53%
EauCoquiperl
53%
EauCroâporal
53%
PsyDeoxys
53%
SolDonphan
53%
EauFlingouste
53%
NormalFrison
53%
PlanteGorythmic
53%
TénèbresGrahyèna
53%
EauGrenousse
53%
NormalInsolourdo
53%
PlanteJoliflor
53%
SolKraknoix
53%
CombatKungfouine
53%
EauLuminéon
53%
EauManaphy
53%
NormalMangriff
53%
NormalMastouffe
53%
TénèbresMedhyèna
53%
EauMilobellus
53%
NormalMonaflémit
53%
NormalMorphéo
53%
EauMustebouée
53%
EauMusteflott
53%
GlaceOniglali
53%
EauOtaquin
53%
PlanteOuistempo
53%
NormalParecool
53%
SolPhanpy
53%
EauPhione
53%
NormalPonchien
53%
NormalPonchiot
53%
PsyQulbutoke
53%
EauRosabyss
53%
EauSerpang
53%
CombatShaofouine
53%
NormalSpinda
53%
GlaceStalgamin
53%
RocheTarinor
53%
NormalTeddiursa
53%
AcierTic
53%
NormalUrsaring
53%
NormalVigoroth
53%
PlanteVipélierre
53%
EauWailmer
53%
EauWailord
53%
TénèbresZoroark
53%
TénèbresZorua
53%
FeuAflamanoir
47%
ElectrikAnchwatt
47%
PlanteBalignon
47%
EauBargantua
47%
AcierBerserkatt
47%
CombatBétochef
47%
NormalBrouhabam
47%
NormalCapidextre
47%
PlanteCeribou
47%
TénèbresChacripan
47%
NormalChaffreux
47%
NormalChaglam
47%
CombatCharpenti
47%
InsecteCheniti
47%
NormalChuchmur
47%
TénèbresDarkrai
47%
NormalDelcatty
47%
DragonDraby
47%
DragonDrackhaus
47%
EauEcayon
47%
EauEcrapince
47%
PsyEoko
47%
PlanteFeuillajou
47%
PlanteFeuiloutan
47%
FeuFlamajou
47%
FeuFlambino
47%
FeuFlamoutan
47%
EauFlotajou
47%
EauFlotoutan
47%
PlanteFragilady
47%
PsyGroret
47%
GlaceHexagel
47%
SolHippodocus
47%
SolHippopotas
47%
NormalKecleon
47%
EauKyogre
47%
FeuLapyro
47%
TénèbresLéopardus
47%
FeuLimagma
47%
EauLovdisc
47%
SpectreMagirêve
47%
EauMamanbo
47%
VolMinisange
47%
EauOctillery
47%
PsyOkéoké
47%
EauOtarlette
47%
CombatOuvrifier
47%
ElectrikPachirisu
47%
PlantePoussacha
47%
FeuPyrobut
47%
NormalRamboum
47%
EauRémoraid
47%
CombatRiolu
47%
NormalSkitty
47%
GlaceSorbébé
47%
GlaceSorbouboul
47%
GlaceSorboul
47%
PsySpoink
47%
EauTarpaud
47%
FéeTogépi
47%
EauArrozard
40%
PoisonAvaltout
40%
SolBourrinos
40%
RocheCharbi
40%
NormalChinchidou
40%
PlanteChlorobule
40%
FeuChochodil
40%
DragonColimucus
40%
PsyCréfadet
40%
PsyCréfollet
40%
PsyCréhelf
40%
PsyCrésselia
40%
NormalDeusolourdo
40%
InsecteEscargaume
40%
EauGamblast
40%
RocheGéolithe
40%
RocheGigalithe
40%
PoisonGloupti
40%
FéeGranbull
40%
CombatHariyama
40%
CombatJudokrak
40%
CombatKaraclée
40%
ElectrikLampéroie
40%
NormalLaporeille
40%
EauLarméléon
40%
EauLézargus
40%
InsecteLimaspeed
40%
NormalLockpin
40%
CombatMakuhita
40%
PlanteMaracachi
40%
PlanteMatourgeon
40%
PsyMéios
40%
PsyMesmérella
40%
PoisonMiamiasme
40%
PoisonMiasmax
40%
NormalMiradar
40%
DragonMucuscule
40%
DragonMuplodocus
40%
NormalNanméouïe
40%
RocheNodulithe
40%
PsyNucléos
40%
ElectrikOhmassacre
40%
CombatPandespiègle
40%
NormalPashmilla
40%
GlacePolagriffe
40%
GlacePolarhume
40%
NormalRatentif
40%
NormalRongourmand
40%
NormalRongrigou
40%
SolRototaupe
40%
PsyScrutella
40%
GlaceSéracrawl
40%
PoisonSéviper
40%
PlanteShaymin
40%
PsySidérella
40%
NormalSilvallié
40%
RocheSimularbre
40%
FéeSnubull
40%
PsySymbios
40%
EauTritonde
40%
SpectreTutafeh
40%
SpectreTutankafer
40%
FéeXerneas
40%
ElectrikZébibron
40%
ElectrikZéblitz
40%
GlaceBlizzeval
33%
VolBoréas
33%
EauCanarbello
33%
CombatCanarticho (Galar)
33%
InsecteCarabing
33%
FéeCocotine
33%
EauCoiffeton
33%
NormalCompagnol
33%
PsyCosmog
33%
DragonCoupenotte
33%
FéeCupcanaille
33%
EauDofin
33%
DragonDrakkarmin
33%
NormalFamignol
33%
FéeFluvetin
33%
EauFroussardine
33%
TénèbresGoupilou
33%
GlaceGrelaçon
33%
FéeGuérilande
33%
DragonIncisache
33%
PsyKorillon
33%
InsecteLépidonille
33%
InsecteLumivole
33%
RocheManzaï
33%
InsecteMuciole
33%
PsyMunna
33%
PsyMushana
33%
InsectePérégrain
33%
SpectrePolthégeist
33%
InsectePomdepik
33%
DragonRegidraco
33%
NormalSapereau
33%
SpectreSpectreval
33%
FéeSucroquin
33%
EauSuperdophin
33%
EauTaupiqueau
33%
SpectreThéffroi
33%
SolTiboudet
33%
DragonTranchodon
33%
ElectrikVoltoutou
33%
PlanteVortente
33%
ElectrikWattapik
33%
CombatWushours
33%
RocheAmassel
27%
ElectrikAmpibidou
27%
GlaceBékaglaçon
27%
PlanteBlancoton
27%
FéeBriochien
27%
PlanteCabriolaine
27%
PlanteChevroum
27%
PsyCosmovum
27%
RocheDolman
27%
SolDunaconda
27%
SolDunaja
27%
NormalFragroin
27%
ElectrikFulgudog
27%
RocheGigansel
27%
NormalGourmelet
27%
CombatHexadron
27%
InsecteLarvibule
27%
RocheLougaroc
27%
AcierMelmetal
27%
AcierMeltan
27%
PsyMistigrix
27%
NormalMoumouflon
27%
NormalMoumouton
27%
EauOyacata
27%
FéePâtachiot
27%
PlantePimito
27%
PsyPsystigri
27%
RocheRocabot
27%
TénèbresRoublenard
27%
EauSancoki
27%
RocheSelutin
27%
PlanteSucreine
27%
ElectrikTêtampoule
27%
PlanteTournicoton
27%
NormalType:0
27%
PoisonVémini
27%
NormalArgouste
20%
GlaceBalbalèze
20%
DragonBébécaille
20%
PlanteCandine
20%
RocheCharkos
20%
SpectreCorayon (Galar)
20%
RocheCraparoi
20%
FeuCrocrogril
20%
GlaceDarumarond (Galar)
20%
TénèbresDogrino
20%
EauEmbrochet
20%
TénèbresGrondogue
20%
EauHastacuda
20%
RocheKranidos
20%
InsecteLarvadar
20%
PsyLewsor
20%
NormalManglouton
20%
PsyNeitram
20%
CombatPalarticho
20%
CombatQuartermac
20%
SpectreTomberro
20%
SpectreToutombe
20%
FéeZacian
20%
CombatZamazenta
20%
PsyBibichut
13%
ElectrikCâblifère
13%
PsyChapotus
13%
FeuCharbambin
13%
AcierCharibari
13%
FéeCharmilly
13%
SpectreCorayôme
13%
CombatCrabagarre
13%
FéeCrémy
13%
PlanteCroquine
13%
AcierFerdeter
13%
InsecteFilentrappe
13%
PsyFlagadoss (Galar)
13%
PlanteFloramantis
13%
InsecteLéboulerou
13%
InsecteLilliterelle
13%
PlanteMimantis
13%
SpectreMordudor
13%
AcierPachyradjah
13%
NormalDodoala
7%
SolGroudonn
7%
CombatKrakos
7%
PsyNécrozma
7%
GlacePiétacé
7%
ElectrikPohm
7%
CombatPoulpaf
7%
InsecteTissemboule
7%
EauCocombaffe
0%
EauKhélécrok
0%

Distribution des résultats

Percentile par nombre de réponses

% des personnes avec chaque résultat

Votre développement - résultats

Vous n’avez pas pris ce quiz depuis la dernière actualisation